01009nam a2200265Ia 4500001001200000003000800012006001900020007001500039008004100054020001500095040002100110035002100131050002600152100001700178245005800195260003800253300001900291533015200310650004700462650004500509655002900554710001700583856012600600999001700726ebr10074289CaPaEBRm u cr cn|||||||||040813s2004 caua s 000 0 eng d z1889057223 aCaPaEBRcCaPaEBR a(OCoLC)55910373914aLG2367.4b.K65 2004eb1 aKolby, Jeff.10aGRE prep courseh[electronic resource] /cJeff Kolby. aLos Angeles :bNova Press,c2004. a611 p. :bill. aElectronic reproduction.bPalo Alto, Calif. :cebrary,d2009.nAvailable via World Wide Web.nAccess may be limited to ebrary affiliated libraries. 0aGraduate Record ExaminationvStudy guides. 0aUniversities and collegesxExaminations. 7aElectronic books.2local2 aebrary, Inc.40uhttp://site.ebrary.com/lib/rucke/Doc?id=10074289zAn electronic book accessible through the World Wide Web; click to view c45055d45055